00668nam a2200169 a 450000100100000000500170001000800410002704000250006808200150009324500510010824600390015926001240019830000370032204900090035995201130036899900170048100003190220200930063253.0110707s2000 dr ac 000 0 spa d aDO-SdBNPbspacBNPHU axxxxbM53300aMemorias de las artes plásticas Dominicanas.01aMemories of dominican plastic arts a[Santo Domingo] :bCírculo de Artístas Plásticos Dominicanos :bCasa de Cultura Dominicana en New York,c[2000?]. a[16 p.] :bil., retrs. ;c26 cm. aBNPD 0010718PDaPDbPDcCTd2011-07-07iLF1l0oxxxx M533p31902-10r2020-06-25w2020-06-25yLFPDZNo se presta c31393d31393